000 00467nam a2200181Ia 4500
005 20240823053843.0
008 240823s9999||||xx |||||||||||||| ||und||
020 _a978-81-8487-568-3
041 _aENGLISH
082 _A005.1 Q7
100 _aShriram K Vasudevan et al.
245 0 _aSoftware Engineering
250 _a1st
260 _c2017
_bNarosa Publishing House New
500 _aYES
650 _aSoftware Engineering
_bComputer Science
942 _cBK
999 _c225104
_d225104